Elizabeth Line (Crossrail) Stations Quiz - Statistics

General Stats
  • This quiz has been taken 84 times
  • The average score is 27 of 41
Answer Stats
Answer % Correct
Liverpool Street
90%
Reading
90%
Tottenham Court Road
90%
Abbey Wood
88%
Paddington
88%
Farringdon
87%
Bond Street
85%
Heathrow Terminal 4
83%
Heathrow Terminal 5
80%
Shenfield
80%
Whitechapel
80%
Stratford
78%
Slough
77%
Canary Wharf
75%
Ealing Broadway
75%
Southall
73%
Custom House
70%
Maidenhead
70%
Acton Main Line
68%
Hayes & Harlington
68%
Heathrow Terminals 2 & 3
65%
Twyford
65%
West Ealing
65%
West Drayton
63%
Woolwich
63%
Iver
60%
Romford
60%
Hanwell
58%
Taplow
58%
Ilford
57%
Burnham
55%
Brentwood
53%
Langley
53%
Maryland
50%
Chadwell Heath
47%
Forest Gate
43%
Goodmayes
42%
Manor Park
40%
Seven Kings
40%
Harold Wood
38%
Gidea Park
37%
No matching quizzes found
Score Distribution
Percent of People with Each Score
Percentile by Number Answered
Your Score History
You have not taken this quiz